[Event "FRA Team Ch"]
[Site "DRANCY"]
[Date "2002.02.03"]
[Round "3.3"]
[White "Legky, Nikolay A"]
[Black "Tregubov, Pavel V"]
[Result "0-1"]
[WhiteElo "2485"]
[BlackElo "2626"]
[PlyCount "102"]
[EventDate "2000.02.??"]
[WhiteTeam "Drancy"]
[BlackTeam "Clichy"]

1. d4 d5 2. c4 e6 3. Nc3 Be7 4. Nf3 Nf6 5. Bf4 O-O 6. e3 b6 7. Bd3 Ba6 8. cxd5
Nxd5 9. Nxd5 Qxd5 10. Bxc7 Qa5+ 11. Ke2 Bxd3+ 12. Qxd3 Na6 13. Bg3 Nb4 14. Qb3
Rac8 15. Rhc1 Qa6+ 16. Kd2 Nc2 17. Qd3 Qa5+ 18. Kd1 Nxa1 19. Rxa1 Qa4+ 20. Qb3
Qc6 21. Ne1 Bd6 22. Bxd6 Qxd6 23. g3 e5 24. Ke2 exd4 25. Rd1 Qc5 26. Rxd4 Rfd8
27. Rxd8+ Rxd8 28. Nf3 Rc8 29. Nd4 Qh5+ 30. Nf3 h6 31. Qa4 a5 32. h4 Rc1 33.
Qe8+ Kh7 34. Qa4 Qf5 35. Ne1 Qb1 36. Nd3 Rc2+ 37. Kf3 Qd1+ 38. Ke4 Qg4+ 39. f4
Rd2 40. Qb3 Qxg3 41. Qxf7 Qg6+ 42. Qxg6+ Kxg6 43. Ne5+ Kh5 44. Nc4 Rf2 45. Kf5
g5 46. hxg5 hxg5 47. a4 g4 48. e4 g3 49. Ne3 g2 50. Nxg2 Rxg2 51. b3 Rb2 0-1

[Event "FRA Team Ch"]
[Site "DRANCY"]
[Date "2002.02.03"]
[Round "3.4"]
[White "Hebden, Mark"]
[Black "Godard, Maxence"]
[Result "1-0"]
[WhiteElo "2558"]
[BlackElo "2383"]
[PlyCount "91"]
[EventDate "2000.02.??"]
[WhiteTeam "Clichy"]
[BlackTeam "Drancy"]

1. d4 Nf6 2. Nf3 c5 3. d5 b5 4. Bg5 Qa5+ 5. c3 Qb6 6. Bxf6 Qxf6 7. e4 Qb6 8.
Nbd2 e6 9. a4 b4 10. Nc4 Qb7 11. Be2 Be7 12. O-O O-O 13. Re1 exd5 14. exd5 bxc3
15. bxc3 d6 16. Bd3 Qc7 17. Qd2 Ba6 18. Ne3 Bxd3 19. Qxd3 Nd7 20. Nc4 Rfe8 21.
Nfd2 Nf6 22. a5 Bf8 23. Ne4 Qd8 24. g3 g6 25. Rab1 Nxe4 26. Rxe4 Rxe4 27. Qxe4
Rb8 28. Re1 Qf6 29. Re3 Qd8 30. Kg2 Qd7 31. h4 h5 32. Qf4 Rb1 33. Nd2 Rd1 34.
Ne4 Qb5 35. c4 Qb1 36. Nf6+ Kh8 37. Qf3 Rg1+ 38. Kh2 Re1 39. Nd7 Kg8 40. Rb3
Rh1+ 41. Qxh1 Qxb3 42. Qe4 Qb2 43. Kg2 Qh8 44. Qe8 Kg7 45. Qd8 Qg8 46. a6 1-0

[Event "FRA Team Ch"]
[Site "DRANCY"]
[Date "2002.02.03"]
[Round "3.5"]
[White "Salaun, Yann"]
[Black "Apicella, Manuel"]
[Result "0-1"]
[WhiteElo "2409"]
[BlackElo "2520"]
[PlyCount "78"]
[EventDate "2000.02.??"]
[WhiteTeam "Drancy"]
[BlackTeam "Clichy"]

1. Nf3 Nf6 2. c4 g6 3. Nc3 Bg7 4. g3 O-O 5. Bg2 d6 6. d4 Nbd7 7. O-O e5 8. h3
Re8 9. Be3 exd4 10. Bxd4 Nc5 11. Rc1 Bh6 12. e3 Ne6 13. Nd5 Nxd4 14. Nxd4 c6
15. Nxf6+ Qxf6 16. Qb3 a5 17. Qa3 Bf8 18. Qa4 Qd8 19. b4 Bd7 20. b5 Rc8 21.
Rfd1 Qc7 22. Rb1 Re5 23. Rd2 Rh5 24. h4 Bg7 25. Qd1 Rc5 26. bxc6 bxc6 27. Bf1
h5 28. Rdb2 Bg4 29. Qd2 Qe7 30. Rb7 Rc7 31. Rxc7 Qxc7 32. Qb2 Qe7 33. Qb8+ Kh7
34. Rb7 Qf6 35. Qe8 Be6 36. Nxe6 fxe6 37. Bd3 d5 38. Rf7 Qa1+ 39. Kg2 dxc4 0-1

[Event "FRA Team Ch"]
[Site "DRANCY"]
[Date "2002.02.03"]
[Round "3.6"]
[White "Relange, Eloi"]
[Black "Moracchini, Fabrice"]
[Result "1-0"]
[WhiteElo "2491"]
[BlackElo "2311"]
[PlyCount "73"]
[EventDate "2000.02.??"]
[WhiteTeam "Clichy"]
[BlackTeam "Drancy"]

1. d4 g6 2. c4 Bg7 3. Nf3 Nf6 4. Nc3 O-O 5. e4 d6 6. Be2 Na6 7. O-O e5 8. Be3
Ng4 9. Bg5 f6 10. Bc1 Nh6 11. Rb1 Nf7 12. b4 exd4 13. Nxd4 c5 14. bxc5 Nxc5 15.
Be3 Re8 16. Qc2 Qe7 17. Ndb5 Be6 18. Rfd1 Rec8 19. Nd4 Bd7 20. f4 Qe8 21. Bf2
g5 22. f5 Bf8 23. Nb3 b6 24. Bh5 Bc6 25. Nd4 Bd7 26. h4 h6 27. hxg5 hxg5 28.
Qe2 Kg7 29. Bg6 Be7 30. Nd5 Bd8 31. Re1 Qg8 32. Bxf7 Kxf7 33. Bg3 Be7 34. Qh5+
Kf8 35. Rbd1 Be8 36. Qh6+ Kf7 37. Bxd6 1-0

[Event "FRA Team Ch"]
[Site "DRANCY"]
[Date "2002.02.03"]
[Round "3.7"]
[White "Doornbos, Yann"]
[Black "Verat, Laurent"]
[Result "0-1"]
[WhiteElo "2334"]
[BlackElo "2337"]
[PlyCount "56"]
[EventDate "2000.02.??"]
[WhiteTeam "Drancy"]
[BlackTeam "Clichy"]

1. d4 Nf6 2. c4 e6 3. Nf3 Bb4+ 4. Nbd2 b6 5. a3 Bxd2+ 6. Bxd2 Bb7 7. g3 Bxf3 8.
exf3 d5 9. c5 bxc5 10. dxc5 e5 11. Qa4+ Nbd7 12. Ba6 O-O 13. b4 e4 14. f4 d4
15. O-O Re8 16. Rfe1 Qe7 17. Rad1 Qe6 18. Bc1 Qd5 19. Bb5 Re6 20. f5 c6 21.
fxe6 cxb5 22. exf7+ Kxf7 23. Qxb5 Ne5 24. Bf4 Nf3+ 25. Kf1 g5 26. Bd6 Nxe1 27.
Kxe1 e3 28. Rxd4 Qxd4 0-1

[Event "FRA Team Ch"]
[Site "DRANCY"]
[Date "2002.02.03"]
[Round "3.9"]
[White "Barakoff, Annie"]
[Black "Costagliola, Marina"]
[Result "0-1"]
[WhiteElo "2000"]
[BlackElo "2278"]
[PlyCount "82"]
[EventDate "2000.02.??"]
[WhiteTeam "Drancy"]
[BlackTeam "Clichy"]

1. c4 f5 2. Nf3 Nf6 3. Nc3 e6 4. g3 Be7 5. Bg2 O-O 6. O-O d5 7. cxd5 exd5 8. e3
c5 9. d4 c4 10. b3 Qa5 11. Bd2 Qa6 12. Ne5 Rd8 13. bxc4 dxc4 14. Qa4 Qxa4 15.
Nxa4 Ne4 16. Rfd1 b5 17. Nc3 a6 18. Nxe4 fxe4 19. Bxe4 Ra7 20. Ba5 Rd6 21. Bb4
Rf6 22. Bxe7 Rxe7 23. Bd5+ Kf8 24. a4 Bb7 25. Bxb7 Rxb7 26. axb5 axb5 27. d5
Ke7 28. e4 c3 29. Nd3 b4 30. e5 Rfb6 31. d6+ Ke8 32. Nc5 b3 33. e6 Rxd6 34.
Nxb7 Rxd1+ 35. Rxd1 c2 36. Re1 Ke7 37. Nd6 Nc6 38. Nc4 Ne5 39. Nxe5 b2 40. Nc6+
Ke8 41. Re5 c1=Q+ 0-1

[Event "FRA Team Ch"]
[Site "DRANCY"]
[Date "2002.02.03"]
[Round "3.4"]
[White "Spassky, Boris V"]
[Black "Godena, Michele"]
[Result "1/2-1/2"]
[WhiteElo "2551"]
[BlackElo "2487"]
[PlyCount "33"]
[EventDate "2000.02.??"]
[WhiteTeam "NAO Chess Club"]
[BlackTeam "Cannes"]

1. e4 e5 2. Nf3 Nc6 3. Bb5 a6 4. Ba4 Nf6 5. O-O Bc5 6. Nc3 b5 7. Bb3 d6 8. d3
Na5 9. Be3 Bxe3 10. fxe3 O-O 11. Nd5 Nxd5 12. Bxd5 c6 13. Bb3 Nxb3 14. axb3 Bg4
15. h3 Bxf3 16. Qxf3 a5 17. Ra2 1/2-1/2

[Event "FRA Team Ch"]
[Site "DRANCY"]
[Date "2002.02.03"]
[Round "3.6"]
[White "Sebag, Marie"]
[Black "Kazhgaleyev, Murtas"]
[Result "0-1"]
[WhiteElo "2368"]
[BlackElo "2561"]
[PlyCount "136"]
[EventDate "2000.02.??"]
[WhiteTeam "NAO Chess Club"]
[BlackTeam "Cannes"]

1. e4 e5 2. Nf3 Nc6 3. Bb5 a6 4. Ba4 Nf6 5. O-O Be7 6. Re1 b5 7. Bb3 d6 8. c3
O-O 9. d3 Na5 10. Bc2 c5 11. Nbd2 Re8 12. Nf1 Bf8 13. Ng3 Nc6 14. h3 g6 15. Nh2
Bg7 16. Bg5 h6 17. Be3 Qc7 18. Ng4 h5 19. Nxf6+ Bxf6 20. Qf3 Bg7 21. a4 Bb7 22.
Bg5 b4 23. a5 Nxa5 24. Rxa5 Qxa5 25. Bb3 Re6 26. Re3 Rae8 27. Bd5 Qc7 28. Re1
Rf8 29. Bxe6 fxe6 30. Qd1 a5 31. Qb3 d5 32. c4 d4 33. Qc2 Bc6 34. b3 Qd7 35.
Ra1 Ra8 36. Nf1 Ra6 37. Nd2 Qa7 38. Qb2 Bf8 39. Kf1 a4 40. bxa4 Bxa4 41. Ke2
Kh7 42. Nf3 Bd1+ 43. Rxd1 Ra2 44. Qxa2 Qxa2+ 45. Nd2 b3 46. Rb1 b2 47. h4 Kg8
48. Rd1 Qa4 49. Nb1 Qc2+ 50. Bd2 Bh6 51. Na3 Qb3 52. Nb1 Bf8 53. Rf1 Be7 54. g3
Kf7 55. Rh1 Ke8 56. Re1 Kd7 57. Rd1 Kc6 58. Rf1 Bd8 59. Rd1 Kb7 60. Re1 Ka6 61.
Rf1 Ba5 62. Bxa5 Kxa5 63. Kd2 Kb4 64. Rd1 Qa4 65. Re1 Kb3 66. Rf1 Qa5+ 67. Kd1
Qc3 68. Nd2+ Kb4 0-1

[Event "FRA Team Ch"]
[Site "DRANCY"]
[Date "2002.02.03"]
[Round "3.7"]
[White "Armas, Julius"]
[Black "Maze, Sebastien"]
[Result "1-0"]
[WhiteElo "2385"]
[BlackElo "2349"]
[PlyCount "93"]
[EventDate "2000.02.??"]
[WhiteTeam "Cannes"]
[BlackTeam "NAO Chess Club"]

1. e4 c5 2. Nf3 Nc6 3. d3 g6 4. g3 Bg7 5. Bg2 e6 6. c3 Nge7 7. Be3 Qb6 8. Qc2
d5 9. Nbd2 d4 10. Nc4 Qd8 11. Bf4 O-O 12. O-O b5 13. Nd6 e5 14. Nxc8 Rxc8 15.
Bd2 Qb6 16. Bh3 Rc7 17. cxd4 exd4 18. Bf4 Rb7 19. b3 Nb4 20. Qd2 f6 21. a3 Nbc6
22. Bh6 g5 23. Bxg7 Kxg7 24. e5 Nxe5 25. Nxe5 fxe5 26. Qxg5+ Ng6 27. Bg2 Rbf7
28. Be4 Qd6 29. Ra2 Kh8 30. Qh6 Rg7 31. Re2 Rf6 32. Bxg6 Rgxg6 33. Qh5 Re6 34.
Rfe1 c4 35. bxc4 bxc4 36. dxc4 d3 37. Re4 Qxa3 38. Rxe5 d2 39. Rxe6 Rxe6 40.
Rxe6 Qa1+ 41. Kg2 d1=Q 42. Re8+ Kg7 43. Re7+ Kf6 44. Rf7+ Ke6 45. Qf5+ Kd6 46.
Rd7+ Kc6 47. Qb5# 1-0

[Event "FRA Team Ch"]
[Site "DRANCY"]
[Date "2002.02.03"]
[Round "2.8"]
[White "Plantet, Sebastien"]
[Black "Anic, Darko"]
[Result "1/2-1/2"]
[WhiteElo "2309"]
[BlackElo "2457"]
[PlyCount "112"]
[EventDate "2000.02.??"]
[WhiteTeam "NAO Chess Club"]
[BlackTeam "Cannes"]

1. c4 c6 2. Nf3 Nf6 3. g3 d6 4. d4 Nbd7 5. Nc3 e5 6. Bg2 Be7 7. O-O O-O 8. e4
Re8 9. h3 a6 10. a4 a5 11. b3 Bf8 12. Qc2 g6 13. Ba3 Qb6 14. Rad1 exd4 15. Nxd4
Nc5 16. Bxc5 Qxc5 17. Nde2 Nd7 18. Nf4 Ne5 19. Nce2 Qb6 20. Kh2 Nd7 21. Nd3 Nc5
22. Nxc5 Qxc5 23. Nf4 Qb6 24. Rfe1 Be6 25. Nxe6 Rxe6 26. Re3 Rae8 27. Red3 Qc5
28. Qd2 f5 29. f3 fxe4 30. fxe4 Rf6 31. Qe3 Qxe3 32. Rxe3 Rf2 33. Kg1 Rb2 34.
Red3 Bh6 35. Rxd6 Rxb3 36. Rd8 Kf8 37. R1d7 Rxd8 38. Rxd8+ Ke7 39. Rh8 Be3+ 40.
Kh2 h5 41. Rg8 Kf7 42. Ra8 Bb6 43. e5 Bc7 44. Bxc6 Bxe5 45. Bd5+ Ke7 46. Rxa5
b6 47. Ra7+ Kd6 48. a5 h4 49. axb6 Rb2+ 50. Kh1 hxg3 51. Rf7 Rxb6 52. Rb7 Ra6
53. Rb1 g5 54. Rd1 Ra5 55. Bf3+ Ke6 56. Rd2 Ra1+ 1/2-1/2

[Event "FRA Team Ch"]
[Site "DRANCY"]
[Date "2002.02.03"]
[Round "3.9"]
[White "Wohlers-Armas, Friedericke"]
[Black "De Sousa, Jose-Claude"]
[Result "0-1"]
[WhiteElo "2193"]
[BlackElo "2274"]
[PlyCount "80"]
[EventDate "2000.02.??"]
[WhiteTeam "Cannes"]
[BlackTeam "NAO Chess Club"]

1. d4 Nf6 2. c4 e6 3. Nc3 Bb4 4. e3 c5 5. Bd3 Nc6 6. Nge2 cxd4 7. exd4 d5 8.
O-O O-O 9. cxd5 Nxd5 10. a3 Be7 11. Bc2 Nxc3 12. bxc3 b6 13. Qd3 g6 14. Ng3 Bb7
15. Ne4 Qd5 16. Qh3 Rac8 17. Be3 Na5 18. Bh6 Rfd8 19. Bf4 f5 20. f3 fxe4 21.
fxe4 Qd7 22. Be5 Rf8 23. d5 Bc5+ 24. Kh1 Rxf1+ 25. Rxf1 Rf8 26. Rxf8+ Bxf8 27.
Bd4 Bc8 28. dxe6 Qxe6 29. Qf3 Qf7 30. Qd1 Bxa3 31. h3 Be6 32. Be5 Nc6 33. Bg3
Bc4 34. Ba4 b5 35. Bc2 Qf1+ 36. Kh2 Qxd1 37. Bxd1 Bb2 38. Be1 a5 39. Kg3 a4 40.
Kf4 a3 0-1

[Event "FRA Team Ch"]
[Site "EPINAL"]
[Date "2002.02.03"]
[Round "3.1"]
[White "Landa, Konstantin"]
[Black "Kallai, Gabor"]
[Result "1-0"]
[WhiteElo "2619"]
[BlackElo "2543"]
[PlyCount "119"]
[EventDate "2002.02.??"]
[WhiteTeam "Nancy"]
[BlackTeam "Strasbourg"]

1. e4 c6 2. d4 d5 3. Nc3 dxe4 4. Nxe4 Bf5 5. Ng3 Bg6 6. Bc4 e6 7. N1e2 Bd6 8.
h4 h6 9. Nf4 Bxf4 10. Bxf4 Nf6 11. Qe2 b5 12. Bb3 O-O 13. c3 Nd5 14. Be5 Nd7
15. Rd1 N7b6 16. Qg4 Nf6 17. Qf3 Nfd5 18. Qg4 Nf6 19. Bxf6 Qxf6 20. Ne4 Qe7 21.
O-O a5 22. a3 Rfd8 23. Nc5 Nd5 24. Rfe1 Bf5 25. Qg3 Ra7 26. Re5 Qf6 27. Rde1
Qg6 28. Qf3 h5 29. a4 b4 30. Bxd5 cxd5 31. cxb4 axb4 32. Qf4 Rc8 33. R5e3 Qg4
34. Qxg4 hxg4 35. Ra1 Kf8 36. a5 Ke7 37. Rb3 e5 38. Re1 f6 39. Rxb4 Rxa5 40.
Rb7+ Kf8 41. b4 Ra2 42. dxe5 Re8 43. e6 d4 44. h5 d3 45. h6 Re2 46. Rf7+ Kg8
47. Rxg7+ Kh8 48. Kf1 Rb2 49. e7 Rxb4 50. Rf7 Bg6 51. Rxf6 Kh7 52. Ne6 Kxh6 53.
Nf8 Kg7 54. Rxg6+ Kf7 55. Rd6 Rxe7 56. Ne6 Rxe6 57. Rexe6 d2 58. Rf6+ Ke7 59.
Rfe6+ Kf7 60. Ke2 1-0

[Event "FRA Team Ch"]
[Site "EPINAL"]
[Date "2002.02.03"]
[Round "3.3"]
[White "Arkell, Keith C"]
[Black "Varga, Peter"]
[Result "1/2-1/2"]
[WhiteElo "2463"]
[BlackElo "2484"]
[PlyCount "44"]
[EventDate "2002.02.??"]
[WhiteTeam "Nancy"]
[BlackTeam "Strasbourg"]

1. c4 c6 2. d4 d5 3. Nf3 Nf6 4. Nc3 dxc4 5. a4 Bf5 6. Nh4 e6 7. Nxf5 exf5 8. e3
Bb4 9. Bxc4 O-O 10. O-O Nbd7 11. Bd2 Rc8 12. Ne4 Qa5 13. Bxb4 Qxb4 14. Nxf6+
Nxf6 15. Qb3 Qxb3 16. Bxb3 c5 17. Rfd1 cxd4 18. Rxd4 Rfd8 19. Rxd8+ Rxd8 20.
Rc1 Kf8 21. h3 Ke7 22. Rc5 Rd2 1/2-1/2

[Event "FRA Team Ch"]
[Site "EPINAL"]
[Date "2002.02.03"]
[Round "3.4"]
[White "Roos, Jean-Luc"]
[Black "Nezar, Mustapha"]
[Result "0-1"]
[WhiteElo "2302"]
[BlackElo "2380"]
[PlyCount "108"]
[EventDate "2002.02.??"]
[WhiteTeam "Strasbourg"]
[BlackTeam "Nancy"]

1. e4 c5 2. Nc3 e6 3. g3 a6 4. Bg2 Nc6 5. Nge2 b5 6. d4 cxd4 7. Nxd4 Bb7 8. O-O
Bc5 9. Nb3 Be7 10. Re1 d6 11. Be3 Nf6 12. Qe2 O-O 13. Rad1 Qc7 14. f4 Rfe8 15.
h3 Rac8 16. Qf2 Nd7 17. Rd2 Na5 18. Nxa5 Qxa5 19. a3 Rc4 20. e5 Bxg2 21. Kxg2
d5 22. Nb1 Qc7 23. b4 f6 24. c3 fxe5 25. fxe5 Rf8 26. Qg1 Qxe5 27. Bd4 Qf5 28.
Rf2 Qg6 29. Nd2 Rcc8 30. Rxf8+ Bxf8 31. Qe3 Re8 32. Nf3 Bd6 33. Nh4 Qh5 34. Bc5
Bc7 35. Nf3 Nf6 36. g4 Qg6 37. Ne5 Qe4+ 38. Qxe4 Nxe4 39. Nc6 Bf4 40. Rf1 g5
41. h4 h6 42. hxg5 hxg5 43. Bd4 e5 44. Bc5 Nxc3 45. Rh1 d4 46. Nxd4 exd4 47.
Bxd4 Ne4 48. Rh6 Nd6 49. Rg6+ Kf7 50. Rg7+ Ke6 51. Ra7 Kd5 52. Bf2 Re2 53. Kf3
Ra2 54. Rxa6 Nc4 0-1

[Event "FRA Team Ch"]
[Site "EPINAL"]
[Date "2002.02.03"]
[Round "3.5"]
[White "Philippe, Christophe"]
[Black "Roos, Louis"]
[Result "1-0"]
[WhiteElo "2325"]
[BlackElo "2351"]
[PlyCount "113"]
[EventDate "2002.02.??"]
[WhiteTeam "Nancy"]
[BlackTeam "Strasbourg"]

1. d4 Nf6 2. Nf3 g6 3. g3 Bg7 4. Bg2 O-O 5. O-O d5 6. Bf4 Nh5 7. Be3 Nd7 8. Qc1
Re8 9. Rd1 c6 10. c4 dxc4 11. Qxc4 Nb6 12. Qc1 Be6 13. Bh6 Bh8 14. Nc3 f6 15.
e4 Qd7 16. Qe3 Rad8 17. b3 Bh3 18. Rd2 Bxg2 19. Kxg2 Qe6 20. Rad1 Rd6 21. h3 g5
22. h4 g4 23. Nh2 Red8 24. Ne2 f5 25. Qg5+ Bg7 26. Bxg7 Qxe4+ 27. f3 gxf3+ 28.
Nxf3 Nxg7 29. Nc3 Qg4 30. Qxe7 R8d7 31. Qe3 Qh5 32. Ne5 Re7 33. Rf1 Ne6 34. Qf2
f4 35. gxf4 Rg7+ 36. Kh2 Rxd4 37. Rxd4 Nxd4 38. Rg1 Nf5 39. Ne4 Nd5 40. Rxg7+
Kxg7 41. Kh3 a5 42. Qg1+ Kf8 43. Qg5 Qxg5 44. fxg5 Ke7 45. Kg4 Ke6 46. Nd3 b6
47. h5 c5 48. Nf4+ Nxf4 49. Kxf4 Ne7 50. Nf6 h6 51. Ne4 Nd5+ 52. Kg4 hxg5 53.
Kxg5 a4 54. bxa4 c4 55. h6 Nf6 56. Nxf6 c3 57. Nh5 1-0

[Event "FRA Team Ch"]
[Site "EPINAL"]
[Date "2002.02.03"]
[Round "3.6"]
[White "Maier, Christian"]
[Black "Spielmann, Alain"]
[Result "0-1"]
[WhiteElo "2354"]
[BlackElo "2307"]
[PlyCount "126"]
[EventDate "2002.02.??"]
[WhiteTeam "Strasbourg"]
[BlackTeam "Nancy"]

1. e4 c6 2. Nc3 d5 3. Nf3 dxe4 4. Nxe4 Nf6 5. Nxf6+ gxf6 6. Bc4 Bf5 7. d3 e6 8.
Bf4 Bb4+ 9. Nd2 Nd7 10. a3 Be7 11. Ba2 Ne5 12. O-O Qd4 13. Bxe5 Qxe5 14. Nc4
Qd4 15. Qd2 Rg8 16. Rfe1 Rxg2+ 17. Kxg2 Qg4+ 18. Kf1 Qh3+ 19. Kg1 Qg4+ 20. Kf1
Qf3 21. Re3 Qh1+ 22. Ke2 Qxa1 23. Rg3 O-O-O 24. Bb3 Qh1 25. Qh6 Bg6 26. a4 Rd5
27. a5 Bh5+ 28. Kd2 Qd1+ 29. Kc3 Qe1+ 30. Qd2 Qa1 31. Rg8+ Kd7 32. Qe3 Bc5 33.
Qf4 Qe1+ 34. Nd2 Bd4+ 35. Kb4 Be5 36. Qe3 Rd4+ 37. Bc4 Qxe3 38. fxe3 Rg4 39.
Ra8 a6 40. Ne4 Kc7 41. Re8 f5 42. Nc3 c5+ 43. Kb3 Kd7 44. Ra8 Bxc3 45. Kxc3 f4
46. exf4 Rxf4 47. Bb3 Rh4 48. Rb8 Bf3 49. Rf8 Ke7 50. Rc8 Bc6 51. Rc7+ Ke8 52.
Bc4 Rxh2 53. b4 Rf2 54. b5 axb5 55. Rxc6 bxc4 56. Rxc5 cxd3 57. Kxd3 Rf5 58.
Rc7 Rxa5 59. Rxb7 h5 60. c4 h4 61. Kd4 Rh5 62. c5 h3 63. c6 Kd8 0-1

[Event "FRA Team Ch"]
[Site "EPINAL"]
[Date "2002.02.03"]
[Round "3.7"]
[White "Adrian, Claude"]
[Black "Herbrechtsmeier, Christof"]
[Result "1/2-1/2"]
[WhiteElo "2329"]
[BlackElo "2345"]
[PlyCount "30"]
[EventDate "2002.02.??"]
[WhiteTeam "Nancy"]
[BlackTeam "Strasbourg"]

1. Nf3 Nf6 2. c4 g6 3. g3 Bg7 4. d4 O-O 5. Bg2 d5 6. cxd5 Nxd5 7. O-O Nc6 8. e4
Nb6 9. d5 Na5 10. Nc3 c6 11. h3 cxd5 12. exd5 h6 13. Qe2 Nxd5 14. Nxd5 Qxd5 15.
Qxe7 Bxh3 1/2-1/2

[Event "FRA Team Ch"]
[Site "EPINAL"]
[Date "2002.02.03"]
[Round "3.8"]
[White "Toumaniantz, Rouslan"]
[Black "Zawadski, Stephane"]
[Result "1/2-1/2"]
[WhiteElo "2154"]
[BlackElo "2202"]
[PlyCount "99"]
[EventDate "2002.02.??"]
[WhiteTeam "Strasbourg"]
[BlackTeam "Nancy"]

1. e4 d6 2. d4 Nf6 3. Bd3 g6 4. Ne2 Bg7 5. c3 c5 6. O-O O-O 7. Nd2 cxd4 8. cxd4
Nc6 9. Nb3 e5 10. d5 Nb4 11. Bb1 Na6 12. Ng3 Bd7 13. a4 Rc8 14. Be3 Ng4 15.
Bxa7 Ra8 16. h3 Rxa7 17. hxg4 Qh4 18. Qe1 Bh6 19. Ra3 Rfa8 20. Nd2 Bxg4 21. Nc4
Qd8 22. a5 Rc8 23. Bd3 Qe7 24. f3 Bd7 25. Qf2 Nc5 26. Nb6 Rca8 27. Nxa8 Rxa8
28. Bc4 Rc8 29. b3 Bg5 30. Ne2 h5 31. g3 Kg7 32. Kg2 f5 33. exf5 Bxf5 34. f4
Be4+ 35. Kh2 Rf8 36. b4 exf4 37. Nxf4 Bxf4 38. gxf4 Nd7 39. Qd4+ Nf6 40. Kg1
Qd7 41. Rg3 h4 42. Rg5 Qh3 43. f5 Kh6 44. Rxg6+ Kh7 45. Be2 Rg8 46. Qxf6 Qg2+
47. Rxg2 Rxg2+ 48. Kh1 Rf2+ 49. Kg1 Rg2+ 50. Kh1 1/2-1/2

[Event "FRA Team Ch"]
[Site "EPINAL"]
[Date "2002.02.03"]
[Round "3.9"]
[White "Mourot, Clara"]
[Black "Fruteau, Sabine"]
[Result "0-1"]
[WhiteElo "2100"]
[BlackElo "2107"]
[PlyCount "100"]
[EventDate "2002.02.??"]
[WhiteTeam "Nancy"]
[BlackTeam "Strasbourg"]

1. c4 e6 2. Nc3 Nf6 3. e4 d6 4. d4 Be7 5. Bd3 e5 6. Nf3 Nbd7 7. O-O O-O 8. h3
c6 9. Be3 Qc7 10. Rc1 b6 11. Qe2 Ba6 12. b4 Rac8 13. b5 Bb7 14. Rfd1 Rfd8 15.
bxc6 Qxc6 16. c5 bxc5 17. d5 Qc7 18. Bb5 Nb6 19. a4 a6 20. Bc4 Qd7 21. Rb1 Nxc4
22. Qxc4 Rb8 23. a5 Rf8 24. Na4 Bd8 25. Bd2 Bc7 26. Rb3 Bc8 27. Rdb1 Rxb3 28.
Rxb3 Qd8 29. Nb6 Bb7 30. Bc3 Kh8 31. Nd2 Nh5 32. Nd7 Bxd5 33. exd5 Qxd7 34.
Qxa6 Nf4 35. Ne4 Qf5 36. Ng3 Qc2 37. Qb7 Qd1+ 38. Kh2 Qxd5 39. Qxd5 Nxd5 40. a6
Ra8 41. Rb7 Rxa6 42. Ne4 h6 43. f3 Kh7 44. Be1 Kg6 45. Bh4 Rc6 46. Be1 f5 47.
Nc3 Nxc3 48. Bxc3 d5 49. Rb1 e4+ 50. Kg1 d4 0-1

[Event "FRA Team Ch"]
[Site "EPINAL"]
[Date "2002.02.03"]
[Round "3.1"]
[White "Sokolov, Andrei"]
[Black "Glek, Igor V"]
[Result "1/2-1/2"]
[WhiteElo "2614"]
[BlackElo "2601"]
[PlyCount "27"]
[EventDate "2002.02.??"]
[WhiteTeam "Mulhouse"]
[BlackTeam "Vandoeuvre"]

1. e4 e6 2. d4 d5 3. Nd2 c5 4. exd5 Qxd5 5. Ngf3 cxd4 6. Bc4 Qd6 7. O-O Nf6 8.
Nb3 Nc6 9. Nbxd4 Nxd4 10. Qxd4 Bd7 11. Be3 Qxd4 12. Bxd4 Rc8 13. Bb3 Bc5 14.
Rad1 1/2-1/2

[Event "FRA Team Ch"]
[Site "EPINAL"]
[Date "2002.02.03"]
[Round "3.2"]
[White "Akopian, Vladimir"]
[Black "Georgiev, Kiril"]
[Result "1/2-1/2"]
[WhiteElo "2680"]
[BlackElo "2655"]
[PlyCount "35"]
[EventDate "2002.02.??"]
[WhiteTeam "Vandoeuvre"]
[BlackTeam "Mulhouse"]

1. Nf3 Nf6 2. c4 e6 3. g3 d5 4. Bg2 Be7 5. O-O O-O 6. d4 dxc4 7. Qc2 a6 8. a4
Bd7 9. Qxc4 Bc6 10. Bg5 Bd5 11. Qc2 Be4 12. Qd1 c5 13. dxc5 Bxc5 14. Nc3 Bc6
15. Ne5 Bxg2 16. Kxg2 Bd4 17. Bxf6 gxf6 18. Nf3 1/2-1/2

[Event "FRA Team Ch"]
[Site "EPINAL"]
[Date "2002.02.03"]
[Round "3.3"]
[White "Popovic, Petar"]
[Black "McShane, Luke J"]
[Result "1/2-1/2"]
[WhiteElo "2533"]
[BlackElo "2525"]
[PlyCount "48"]
[EventDate "2002.02.??"]
[WhiteTeam "Mulhouse"]
[BlackTeam "Vandoeuvre"]

1. e4 c5 2. Nf3 Nc6 3. d4 cxd4 4. Nxd4 Nf6 5. Nc3 e5 6. Ndb5 d6 7. Bg5 a6 8.
Na3 b5 9. Bxf6 gxf6 10. Nd5 f5 11. Bd3 Be6 12. O-O Bxd5 13. exd5 Ne7 14. c3 Bg7
15. Qh5 e4 16. Bc2 Qc8 17. Rae1 O-O 18. Kh1 Ng6 19. Bb1 b4 20. cxb4 Bxb2 21.
Nc2 Bc3 22. Rc1 Bb2 23. Rce1 Bc3 24. Rc1 Bb2 1/2-1/2

[Event "FRA Team Ch"]
[Site "EPINAL"]
[Date "2002.02.03"]
[Round "3.4"]
[White "Ward, Christopher"]
[Black "Pelletier, Yannick"]
[Result "1/2-1/2"]
[WhiteElo "2486"]
[BlackElo "2549"]
[PlyCount "40"]
[EventDate "2002.02.??"]
[WhiteTeam "Vandoeuvre"]
[BlackTeam "Mulhouse"]

1. d4 d5 2. c4 c6 3. Nc3 Nf6 4. e3 e6 5. Nf3 Nbd7 6. Qc2 Bd6 7. g4 dxc4 8. g5
Nd5 9. Bxc4 Nxc3 10. bxc3 c5 11. e4 cxd4 12. cxd4 b6 13. O-O Bb7 14. Re1 O-O
15. Qb3 e5 16. Bd5 Bxd5 17. Qxd5 Bb4 18. Rd1 Bc3 19. Rb1 Qe7 20. Nxe5 Nxe5
1/2-1/2

[Event "FRA Team Ch"]
[Site "EPINAL"]
[Date "2002.02.03"]
[Round "3.5"]
[White "Milov, Vadim"]
[Black "Renet, Olivier"]
[Result "1-0"]
[WhiteElo "2595"]
[BlackElo "2494"]
[PlyCount "77"]
[EventDate "2002.02.??"]
[WhiteTeam "Mulhouse"]
[BlackTeam "Vandoeuvre"]

1. d4 d5 2. c4 e5 3. dxe5 d4 4. Nf3 Nc6 5. g3 Bg4 6. Bg2 Qd7 7. Qb3 O-O-O 8.
Bd2 Nge7 9. Na3 d3 10. e3 Qf5 11. Nh4 Qh5 12. Nb5 g5 13. h3 Be2 14. Nf5 Nxf5
15. Nxa7+ Nxa7 16. Qxb7+ Kd7 17. g4 Qh6 18. gxf5 Qb6 19. Qxb6 cxb6 20. Bc3 Kc7
21. e6 Bh5 22. Kd2 Rg8 23. Bd5 fxe6 24. Bxe6 Rg7 25. Be5+ Kb7 26. Bxg7 Bxg7 27.
Bd5+ Nc6 28. h4 g4 29. Kxd3 b5 30. Ke4 Re8+ 31. Kf4 Bh6+ 32. Kg3 Kb6 33. cxb5
Ne5 34. a4 Bf8 35. a5+ Kxb5 36. a6 Bd6 37. a7 Bf7 38. a8=Q Nc6+ 39. Kxg4 1-0

[Event "FRA Team Ch"]
[Site "EPINAL"]
[Date "2002.02.03"]
[Round "3.6"]
[White "Wirig, Anthony"]
[Black "Marzolo, Cyril"]
[Result "1/2-1/2"]
[WhiteElo "2304"]
[BlackElo "2403"]
[PlyCount "91"]
[EventDate "2002.02.??"]
[WhiteTeam "Vandoeuvre"]
[BlackTeam "Mulhouse"]

1. c4 e6 2. g3 d5 3. Bg2 Nf6 4. Nf3 Be7 5. O-O O-O 6. b3 a5 7. d3 c5 8. a3 Nc6
9. Nc3 d4 10. Nb5 e5 11. Qc2 Re8 12. e4 dxe3 13. Bxe3 Bf5 14. Rad1 h6 15. Rfe1
Bf8 16. Bc1 Qd7 17. Bb2 Bd6 18. Bc3 Nh7 19. Qb2 f6 20. Qe2 g5 21. Nd2 Bf8 22.
Ne4 Rad8 23. Qd2 b6 24. Qe2 Nd4 25. Bxd4 exd4 26. Qf1 Bg6 27. Nd2 Kg7 28. Bd5
Rxe1 29. Rxe1 Re8 30. Rxe8 Qxe8 31. Nc7 Qe7 32. Ne6+ Kh8 33. Qe2 h5 34. h4 gxh4
35. gxh4 Bh6 36. Nf1 Nf8 37. Ng3 Nxe6 38. Bxe6 Bc1 39. a4 Bf4 40. Nxh5 Be5 41.
Bg4 Qh7 42. f4 Bxh5 43. Bxh5 Bxf4 44. Qe8+ Qg8+ 45. Qxg8+ Kxg8 46. Bg6 1/2-1/2

[Event "FRA Team Ch"]
[Site "EPINAL"]
[Date "2002.02.03"]
[Round "3.7"]
[White "Koch, Jean Rene"]
[Black "Brunner, Nicolas"]
[Result "1-0"]
[WhiteElo "2498"]
[BlackElo "2238"]
[PlyCount "65"]
[EventDate "2002.02.??"]
[WhiteTeam "Mulhouse"]
[BlackTeam "Vandoeuvre"]

1. e4 c5 2. Nf3 d6 3. c3 Nf6 4. Be2 Nbd7 5. d3 g6 6. O-O Bg7 7. Re1 b6 8. Nbd2
Bb7 9. Bf1 Ne5 10. d4 Nxf3+ 11. Qxf3 O-O 12. Qd1 e5 13. dxe5 dxe5 14. Qc2 Qc7
15. a4 a6 16. Nc4 Bc6 17. a5 b5 18. Nb6 Rab8 19. f3 c4 20. Be3 Rfd8 21. b3 cxb3
22. Qxb3 Bf8 23. c4 Nd7 24. cxb5 Nxb6 25. axb6 Rxb6 26. Rxa6 Rxa6 27. bxa6 Ra8
28. Rc1 Qd7 29. Qb6 Rc8 30. a7 Ba8 31. Rxc8 Qxc8 32. Qb8 Qc3 33. Bh6 1-0